000 00302nam a22001217a 4500
008 190314b xxu||||| |||| 00| 0 eng d
041 _aeng
080 _a043.3
100 _a0
101 _aMEK-MTH
245 _aInovacioni në biznes përmes teknologjisë Blockchain
_cBajraktari,A
942 _2udc
_cBK
999 _c54790
_d54790